000 00338nam a2200133Ia 4500
005 20260326100024.0
008 260326s9999||||xx |||||||||||||| ||und||
100 _aBonet Correa, Antonio
245 0 _aAndalucĂ­a Barroca /
_cAntonio Bonet Correa
260 _bPolĂ­grafa
300 _a340 p.
650 _aARQUITECTURA BARROCA
942 _cBK
999 _c6330
_d6330